[Event "Rewal op-B 18th"]
[Site "Rewal"]
[Date "2013.08.20"]
[Round "1"]
[White "Nowak, Ryszard"]
[Black "Powalka, Michal"]
[Result "0-1"]
[WhiteElo "2006"]
[BlackElo "1768"]
[PlyCount "54"]
[EventDate "2013.08.20"]
[EventType "swiss"]
[EventRounds "9"]
[EventCountry "POL"]
[SourceTitle "CBM 156 Extra"]
[Source "ChessBase"]
[SourceDate "2013.10.22"]
[SourceVersion "1"]
[SourceVersionDate "2013.10.22"]
[SourceQuality "1"]

1. c4 Nf6 2. Nc3 g6 3. g3 Bg7 4. Bg2 0-0 5. Nf3 d6 6. 0-0 e5 7. d4 Nbd7 8. e4 Re8 9. h3 exd4 10. Nxd4 Nc5 11. Re1 c6 12. b3 a5 13. Rb1 a4 14. b4 Ne6 15. Nde2 a3 16. Rb3 h6 17. Rxa3 Rxa3 18. Bxa3 Ng5 19. Nf4 Nd7 20. Re3 Ne5 21. Bf1 h5 22. b5 Qa5 23. Qb3 Ngf3+ 24. Kg2 Nd2 25. Qb4 Qxb4 26. Bxb4 Nxf1 27. Kxf1 Nxc4 0-1

[Event "Lazy op 9th"]
[Site "Lazy"]
[Date "2013.07.07"]
[Round "8.11"]
[White "Gryglas, Kamil"]
[Black "Nowak, Ryszard"]
[Result "1-0"]
[WhiteElo "2121"]
[BlackElo "2010"]
[PlyCount "105"]
[EventDate "2013.06.30"]
[EventType "swiss"]
[EventRounds "9"]
[EventCountry "POL"]
[SourceTitle "EXT 2023"]
[Source "ChessBase"]
[SourceDate "2022.10.05"]
[SourceVersion "1"]
[SourceVersionDate "2022.10.05"]
[SourceQuality "1"]

1. e4 c6 2. c4 d5 3. cxd5 cxd5 4. exd5 Nf6 5. Qa4+ Nbd7 6. Nc3 a6 7. Nf3 Rb8 8. d4 b5 9. Qb3 g6 10. Bf4 Rb7 11. Ne5 Nb6 12. Nc6 Qd7 13. Na5 Nbxd5 14. Nxd5 Nxd5 15. Be5 f6 16. Nxb7 fxe5 17. Nc5 Qc6 18. Be2 exd4 19. 0-0 Nf4 20. Bf3 Qxc5 21. Rac1 Qf5 22. Rfe1 Be6 23. Qb4 Bg7 24. Rc7 0-0 25. Qxe7 Bf7 26. Be4 Qe5 27. g3 Qxe7 28. Rxe7 Nh5 29. b3 Re8 30. Rxe8+ Bxe8 31. Bb7 Kf8 32. Bxa6 Bd7 33. Bb7 b4 34. Rc1 Bf5 35. f3 Bh6 36. f4 Nxf4 37. gxf4 Bxf4 38. Rc4 Be3+ 39. Kg2 d3 40. Bf3 d2 41. Bd1 h5 42. h3 g5 43. Rxb4 g4 44. Kg3 Ke7 45. hxg4 hxg4 46. Rb5 Kf6 47. Rd5 Ke6 48. Rd8 Ke5 49. Re8+ Kd4 50. a4 Bh6 51. a5 Kc3 52. a6 Kb2 53. a7 1-0

[Event "Lazy op 9th"]
[Site "Lazy"]
[Date "2013.07.02"]
[Round "3"]
[White "Nowak, Ryszard"]
[Black "Malaczek, Mateusz"]
[Result "1/2-1/2"]
[WhiteElo "2010"]
[BlackElo "1849"]
[PlyCount "60"]
[EventDate "2013.06.30"]
[EventType "swiss"]
[EventRounds "9"]
[EventCountry "POL"]
[SourceTitle "CBM 155 Extra"]
[Source "ChessBase"]
[SourceDate "2013.08.26"]
[SourceVersion "1"]
[SourceVersionDate "2013.08.26"]
[SourceQuality "1"]

1. c4 b6 2. Nf3 Bb7 3. Nc3 Nf6 4. g3 Bxf3 5. exf3 c5 6. Bg2 Nc6 7. 0-0 e6 8. Re1 Be7 9. f4 0-0 10. b3 Rc8 11. Ne2 d5 12. cxd5 Nxd5 13. Bb2 Bf6 14. d4 Nde7 15. Qd2 Nxd4 16. Nxd4 Bxd4 17. Bxd4 Qxd4 18. Rad1 Rfd8 19. Qe2 Qb4 20. Qa6 Rd4 21. Qxa7 Nf5 22. a3 Qxb3 23. Rb1 Qa4 24. Qxb6 Qxa3 25. Rxe6 Rcd8 26. Re5 g6 27. Bf1 Rd1 28. Rxc5 Qxc5 29. Qxc5 Rxb1 30. Kg2 Rbb8 1/2-1/2

[Event "Lazy op 9th"]
[Site "Lazy"]
[Date "2013.07.01"]
[Round "2"]
[White "Jacek, Krystian"]
[Black "Nowak, Ryszard"]
[Result "1-0"]
[WhiteElo "2139"]
[BlackElo "2010"]
[PlyCount "101"]
[EventDate "2013.06.30"]
[EventType "swiss"]
[EventRounds "9"]
[EventCountry "POL"]
[SourceTitle "CBM 155 Extra"]
[Source "ChessBase"]
[SourceDate "2013.08.26"]
[SourceVersion "1"]
[SourceVersionDate "2013.08.26"]
[SourceQuality "1"]

1. e4 c6 2. d4 d5 3. Nc3 dxe4 4. Nxe4 Nd7 5. Nf3 Ndf6 6. Ng3 Bg4 7. Be2 e6 8. h3 Bxf3 9. Bxf3 Bd6 10. Ne4 Nxe4 11. Bxe4 Nf6 12. Bd3 Qc7 13. Qf3 0-0 14. 0-0 Rfe8 15. Bg5 Nd7 16. Rfe1 Be7 17. Bd2 Rad8 18. Rad1 Nf8 19. c3 a6 20. Be4 Rd7 21. Be3 Red8 22. g3 g6 23. h4 e5 24. h5 exd4 25. hxg6 hxg6 26. Bxd4 c5 27. Be3 Rxd1 28. Rxd1 Rxd1+ 29. Qxd1 b6 30. Bf4 Qd8 31. Qxd8 Bxd8 32. Bb7 Ne6 33. Be3 Nc7 34. Kf1 f5 35. b4 cxb4 36. cxb4 a5 37. Bxb6 axb4 38. Bc5 b3 39. axb3 Kf7 40. Ke2 Ke6 41. Bb6 Kd6 42. Kd3 Ne6 43. Bxd8 Nxd8 44. Bg2 Ne6 45. Kc4 f4 46. g4 Ke5 47. b4 Nd4 48. Bb7 Nc2 49. b5 g5 50. Kc5 Ne1 51. f3 1-0

[Event "Rewal op-B 17th"]
[Site "Rewal"]
[Date "2012.08.??"]
[Round "1"]
[White "Gajzner, Ryszard"]
[Black "Nowak, Ryszard"]
[Result "1/2-1/2"]
[WhiteElo "1734"]
[BlackElo "2046"]
[PlyCount "34"]
[EventDate "2012.08.20"]
[EventType "swiss"]
[EventRounds "9"]
[EventCountry "POL"]
[SourceTitle "EXT 2014"]
[Source "ChessBase"]
[SourceDate "2013.11.20"]
[SourceVersion "1"]
[SourceVersionDate "2013.11.20"]
[SourceQuality "1"]

1. Nf3 Nf6 2. c4 b6 3. g3 Bb7 4. Bg2 e5 5. Nc3 Bb4 6. 0-0 Bxc3 7. bxc3 d6 8. d4 e4 9. Nd2 0-0 10. e3 Re8 11. Qc2 Qe7 12. Ba3 Bc8 13. Rfe1 Bf5 14. Rab1 Nc6 15. Qa4 Bd7 16. Qc2 Bf5 17. Qa4 Bd7 1/2-1/2

[Event "Rewal op-B 17th"]
[Site "Rewal"]
[Date "2012.08.??"]
[Round "6"]
[White "Lewtak, Dominik"]
[Black "Nowak, Ryszard"]
[Result "1-0"]
[WhiteElo "1776"]
[BlackElo "2046"]
[PlyCount "35"]
[EventDate "2012.08.20"]
[EventType "swiss"]
[EventRounds "9"]
[EventCountry "POL"]
[SourceTitle "EXT 2014"]
[Source "ChessBase"]
[SourceDate "2013.11.20"]
[SourceVersion "1"]
[SourceVersionDate "2013.11.20"]
[SourceQuality "1"]

1. e4 c6 2. d4 d5 3. Nc3 g6 4. h3 Bg7 5. Nf3 dxe4 6. Nxe4 Nd7 7. Bc4 Ngf6 8. Neg5 Nd5 9. 0-0 0-0 10. Re1 h6 11. Ne4 Kh7 12. c3 Qc7 13. Qc2 e5 14. dxe5 Nxe5 15. Nxe5 Bxe5 16. Qd2 Bg7 17. Bxd5 Rd8 18. Nf6+ 1-0

[Event "Rewal op-B 17th"]
[Site "Rewal"]
[Date "2012.08.??"]
[Round "4"]
[White "Nowak, Ryszard"]
[Black "Kopica, Paulina"]
[Result "1/2-1/2"]
[WhiteElo "2046"]
[BlackElo "1744"]
[PlyCount "89"]
[EventDate "2012.08.20"]
[EventType "swiss"]
[EventRounds "9"]
[EventCountry "POL"]
[SourceTitle "EXT 2014"]
[Source "ChessBase"]
[SourceDate "2013.11.20"]
[SourceVersion "1"]
[SourceVersionDate "2013.11.20"]
[SourceQuality "1"]

1. c4 f5 2. Nc3 Nf6 3. g3 e6 4. Bg2 d5 5. d4 c6 6. Nf3 Bd6 7. 0-0 0-0 8. Bf4 Bxf4 9. gxf4 Nbd7 10. Ne5 Ne4 11. Nxe4 fxe4 12. e3 Rf6 13. f3 exf3 14. Rxf3 Nxe5 15. fxe5 Rxf3 16. Qxf3 Bd7 17. Rf1 Qe7 18. c5 Be8 19. e4 dxe4 20. Qxe4 Bg6 21. Qf4 Bf5 22. b4 Rd8 23. Rf2 Bd3 24. a3 Bc4 25. Be4 Bd5 26. Bc2 h6 27. Qg4 Rf8 28. Rxf8+ Kxf8 29. Qf4+ Qf7 30. Qxf7+ Kxf7 31. Kf2 g5 32. Kg3 Kg7 33. Bd3 h5 34. a4 Bb3 35. a5 a6 36. Be2 h4+ 37. Kg4 Kh6 38. Bf3 Bc2 39. Be2 Bf5+ 40. Kf3 Kg6 41. Ke3 Bh3 42. Kf2 Bf5 43. Ke3 Bh3 44. Kf2 Bf5 45. Ke3 1/2-1/2

[Event "Rewal op-B 17th"]
[Site "Rewal"]
[Date "2012.08.??"]
[Round "2"]
[White "Nowak, Ryszard"]
[Black "Misztal, Piotr"]
[Result "0-1"]
[WhiteElo "2046"]
[BlackElo "1778"]
[PlyCount "40"]
[EventDate "2012.08.20"]
[EventType "swiss"]
[EventRounds "9"]
[EventCountry "POL"]
[SourceTitle "EXT 2014"]
[Source "ChessBase"]
[SourceDate "2013.11.20"]
[SourceVersion "1"]
[SourceVersionDate "2013.11.20"]
[SourceQuality "1"]

1. c4 Nf6 2. Nc3 d5 3. cxd5 Nxd5 4. g3 g6 5. Bg2 Nb6 6. Nf3 Bg7 7. 0-0 Nc6 8. d3 0-0 9. Be3 e5 10. Nd2 Nd4 11. Nb3 c6 12. Nc5 Nd7 13. Nxd7 Bxd7 14. Rb1 Qc8 15. Qd2 f5 16. Bh6 f4 17. Bxg7 Kxg7 18. Ne4 Bh3 19. Rfc1 Bxg2 20. Kxg2 Nxe2 0-1

[Event "Rewal op-B 16th"]
[Site "Rewal"]
[Date "2011.08.22"]
[Round "3"]
[White "Gawiec, Konrad"]
[Black "Nowak, Ryszard"]
[Result "1/2-1/2"]
[WhiteElo "1820"]
[BlackElo "2055"]
[PlyCount "65"]
[EventDate "2011.08.18"]
[EventType "swiss"]
[EventRounds "9"]
[EventCountry "POL"]
[SourceTitle "CBM 144 Extra"]
[Source "ChessBase"]
[SourceDate "2011.10.28"]
[SourceVersion "1"]
[SourceVersionDate "2011.10.28"]
[SourceQuality "1"]

1. e4 c6 2. d4 d5 3. Nc3 g6 4. e5 h5 5. f4 Nh6 6. Nf3 Bg4 7. Be3 Qb6 8. Na4 Qa5+ 9. c3 Bxf3 10. gxf3 Nf5 11. Bd2 e6 12. Bd3 Qd8 13. Qe2 Qh4+ 14. Qf2 Nd7 15. Bxf5 Qxf2+ 16. Kxf2 gxf5 17. b4 a5 18. a3 b5 19. Nb2 Nb6 20. a4 axb4 21. axb5 bxc3 22. Rxa8+ Nxa8 23. Bxc3 cxb5 24. Ra1 Nb6 25. Ra6 Nc4 26. Nd3 Kd7 27. Ra7+ Kc6 28. Rxf7 Ba3 29. Rf6 Kd7 30. Rf7+ Kc6 31. Rf6 Kd7 32. Rf7+ Kc6 33. Rf6 1/2-1/2

[Event "Rewal op-B 15th"]
[Site "Rewal"]
[Date "2010.08.26"]
[Round "7"]
[White "Nowak, Ryszard"]
[Black "Galaszewski, Patryk"]
[Result "1-0"]
[WhiteElo "2091"]
[BlackElo "1829"]
[PlyCount "77"]
[EventDate "2010.08.18"]
[EventType "swiss"]
[EventRounds "9"]
[EventCountry "POL"]
[SourceTitle "EXT 2014"]
[Source "ChessBase"]
[SourceDate "2013.11.20"]
[SourceVersion "1"]
[SourceVersionDate "2013.11.20"]
[SourceQuality "1"]

1. c4 g6 2. Nc3 Bg7 3. g3 d6 4. Bg2 e5 5. e3 Ne7 6. Nge2 0-0 7. 0-0 f5 8. d4 c6 9. dxe5 dxe5 10. Qxd8 Rxd8 11. b3 Be6 12. Ba3 Kf7 13. Rad1 Na6 14. Na4 Bf8 15. e4 Ng8 16. Bxf8 Kxf8 17. f4 exf4 18. Nxf4 Rxd1 19. Rxd1 Ke7 20. Nxe6 Kxe6 21. exf5+ gxf5 22. a3 Ke7 23. Kf2 Rd8 24. Rxd8 Kxd8 25. Ke3 Ke7 26. b4 Nb8 27. Nc5 b6 28. Nb3 Kf6 29. c5 Ne7 30. Kd4 b5 31. Na5 a6 32. Bf3 Ke6 33. Nb7 Kf6 34. Nd8 h6 35. h3 h5 36. Bxh5 f4 37. gxf4 Kf5 38. Bf3 Kxf4 39. Be4 1-0

[Event "Rewal op-B 14th"]
[Site "Rewal"]
[Date "2009.08.25"]
[Round "5"]
[White "Nowak, Ryszard"]
[Black "Plichta, Kamil"]
[Result "1/2-1/2"]
[WhiteElo "2106"]
[BlackElo "2039"]
[PlyCount "119"]
[EventDate "2009.08.20"]
[EventType "swiss"]
[EventRounds "9"]
[EventCountry "POL"]
[SourceTitle "EXT 2011"]
[Source "ChessBase"]
[SourceDate "2010.11.26"]
[SourceVersion "1"]
[SourceVersionDate "2010.11.26"]
[SourceQuality "1"]

1. c4 Nf6 2. Nc3 g6 3. g3 Bg7 4. Bg2 0-0 5. e3 d6 6. Nge2 e5 7. 0-0 c6 8. d4 Qe7 9. d5 e4 10. dxc6 bxc6 11. b3 c5 12. Bb2 Bb7 13. Qc2 Re8 14. Rad1 Nc6 15. Nf4 Nb4 16. Qb1 g5 17. Nfe2 Nd3 18. Ba1 Ne5 19. Nd5 Nxd5 20. cxd5 f5 21. f4 exf3 22. Bxf3 Nxf3+ 23. Rxf3 g4 24. Rf2 Bxa1 25. Qxa1 Qxe3 26. Qf6 Qe5 27. Qg5+ Qg7 28. Qxf5 Re5 29. Qc2 Rae8 30. Nf4 Re1+ 31. Rf1 Rxf1+ 32. Kxf1 Qe5 33. Qd2 Qe4 34. Kg1 Re5 35. Qd3 Qxd3 36. Rxd3 Ba6 37. Rd1 Kf7 38. Kf2 Kf6 39. Rd2 Re4 40. Ne6 Ke5 41. Nxc5 dxc5 42. d6 Bc8 43. d7 Bxd7 44. Rxd7 Rd4 45. Re7+ Kd6 46. Rxh7 Rd2+ 47. Ke3 Rxa2 48. Kf4 a5 49. Kxg4 Rb2 50. Ra7 Rxh2 51. Rxa5 Rb2 52. Ra3 Ke6 53. Kf4 Kf6 54. Ke4 Rg2 55. Ra6+ Kf7 56. Kd5 Rxg3 57. Rb6 Ke7 58. Kxc5 Kd7 59. b4 Kc7 60. Rh6 1/2-1/2

[Event "Perla Baltyku op-A 3rd"]
[Site "Mielno"]
[Date "2007.06.20"]
[Round "3"]
[White "Nowak, Ryszard"]
[Black "Natacheev, Peter"]
[Result "1/2-1/2"]
[WhiteElo "2188"]
[BlackElo "2076"]
[PlyCount "72"]
[EventDate "2007.06.18"]
[EventType "swiss"]
[EventRounds "9"]
[EventCountry "POL"]
[SourceTitle "CBM 119 Extra"]
[Source "ChessBase"]
[SourceDate "2007.09.04"]
[SourceVersion "1"]
[SourceVersionDate "2007.09.04"]
[SourceQuality "1"]

1. c4 d6 2. g3 g6 3. Bg2 Bg7 4. Nc3 e5 5. e3 Ne7 6. Nge2 0-0 7. d4 c6 8. 0-0 f5 9. dxe5 dxe5 10. Qxd8 Rxd8 11. b3 Be6 12. Ba3 Kf7 13. Rfd1 Na6 14. Na4 g5 15. Nc5 Nxc5 16. Bxc5 e4 17. Bd4 g4 18. Nf4 Bh6 19. Kf1 Rd7 20. Ke2 b6 21. Nxe6 Kxe6 22. h3 gxh3 23. Bxh3 Rg8 24. Bb2 Rxd1 25. Rxd1 c5 26. Rg1 Bg7 27. Bxg7 Rxg7 28. Kd2 Nc6 29. Bf1 Ne5 30. Be2 h6 31. Rh1 Rg6 32. Kc3 Ke7 33. a3 Rd6 34. Rh5 Rf6 35. Rh1 Rd6 36. Rh5 Rf6 1/2-1/2

[Event "Rewal op 11th"]
[Site "Rewal"]
[Date "2006.08.26"]
[Round "8"]
[White "Nowak, Ryszard"]
[Black "Budrewicz, Krzysztof"]
[Result "1/2-1/2"]
[WhiteElo "2188"]
[BlackElo "2211"]
[PlyCount "49"]
[EventDate "2006.08.21"]
[EventType "swiss"]
[EventRounds "11"]
[EventCountry "POL"]
[SourceTitle "EXT 2010"]
[Source "ChessBase"]
[SourceDate "2010.11.25"]
[SourceVersion "1"]
[SourceVersionDate "2010.11.25"]
[SourceQuality "1"]

1. c4 g6 2. Nc3 Bg7 3. g3 d6 4. Bg2 Nf6 5. e3 0-0 6. Nge2 e5 7. 0-0 c6 8. d4 Nbd7 9. b3 Qa5 10. Bb2 Re8 11. Qd2 Nf8 12. Rfd1 Bf5 13. Nd5 Qd8 14. Nxf6+ Qxf6 15. e4 Bg4 16. f3 Bd7 17. c5 Qe7 18. cxd6 Qxd6 19. dxe5 Qxd2 20. Rxd2 Bxe5 21. Bxe5 Rxe5 22. Rad1 Re7 23. Nf4 Rae8 24. Kf2 Kg7 25. Rd6 1/2-1/2

[Event "POL-chT 2nd div South"]
[Site "Polanica Zdroj"]
[Date "1999.??.??"]
[Round "10"]
[White "Nowak, Ryszard"]
[Black "Orzech, Dominik"]
[Result "0-1"]
[WhiteElo "2165"]
[BlackElo "2140"]
[PlyCount "56"]
[EventDate "1999.09.17"]
[EventType "team-swiss"]
[EventRounds "10"]
[EventCountry "POL"]
[SourceTitle "EXT 2001"]
[Source "ChessBase"]
[SourceDate "2000.11.22"]
[SourceVersion "1"]
[SourceVersionDate "2000.11.22"]
[SourceQuality "1"]
[WhiteTeam "POL-chT 2nd div South 02"]
[BlackTeam "Kozuchow Odrodzenie"]
[WhiteTeamCountry "POL"]
[BlackTeamCountry "POL"]

1. c4 Nf6 2. Nc3 g6 3. g3 Bg7 4. Bg2 e5 5. Nf3 d6 6. d4 Nbd7 7. 0-0 0-0 8. e4 Re8 9. d5 Nc5 10. Ne1 a5 11. Nd3 Nxd3 12. Qxd3 Nd7 13. Na4 Rf8 14. Be3 b6 15. Qd2 f5 16. exf5 gxf5 17. f4 Qe8 18. Rac1 Nf6 19. Nc3 Ng4 20. fxe5 Qxe5 21. Rce1 Nxe3 22. Rxe3 Qd4 23. Qd3 Re8 24. Rff3 f4 25. gxf4 Bf5 26. Qxd4 Bxd4 27. Nd1 Bc2 28. Rg3+ Kh8 0-1